Statistics for 100 m world record progression (men)

Click here to take the quiz!

General Stats

  • This quiz has been taken 13 times
  • The average score is 8 of 16

Answer Stats

timeathlete% Correct
9"69 (2008)Usain Bolt (JAM)
92%
9"72 (2008)Usain Bolt (JAM)
92%
9"58 (2009)Usain Bolt (JAM)
92%
9"92 (1988)Carl Lewis (USA)
67%
9"93 (+1.0; 1987)Carl Lewis (USA)
58%
9"74 (2007)Asafa Powell (JAM)
50%
9"77 (+1,6; 2005)Asafa Powell (JAM)
42%
9"77 (+1,5; 2006)Asafa Powell (JAM)
42%
9"77 (+1,0; 2006)Asafa Powell (JAM)
42%
9"79 (1999)Maurice Greene (USA)
42%
9"84 (1996)Donovan Bailey (CAN)
33%
9"95 (1968)Jim Hines (USA)
33%
9"93 (+1,4; 1983)Calvin Smith (USA)
25%
9"86 (1991)Carl Lewis (USA)
25%
9"90 (1991)Leroy Burrell (USA)
17%
9"85 (1994)Leroy Burrell (USA)
8%

Score Distribution

Percentile by Number Answered

Percent of People with Each Score

Your Score History

You have not taken this quiz